000 00482nam a2200121 4500
999 _c11218
_d11218
008 181017b ||||| |||| 00| 0 eng d
082 _aDPer 959.9048 P53p May 2013- April 2014 v. 22-23
245 _aMaayos na pamamahala:
_bmaayos na imprastruktura sangkap sa pangmatagalang kaunlaran.
260 _aSan Miguel, Manila :
_bOP-Bureau of Communications Services,
_c©May 2013-©Apr 2014.
300 _av23 n2, pages 59-60;
_c23 cm.
650 0 _932287
_aPublic works.
942 _2ddc
_cPER